000
00325nam a22001337a 4500
008
190205b xxu||||| |||| 00| 0 eng d
020
_a
1555420877
041
_a
eng
080
_a
338
100
_a
53
101
_a
MEN
245
_a
Strategic Planning for public and nonprofit organizations
_c
Bryson,J.M
942
_2
udc
_c
BK
999
_c
53946
_d
53946